| 000 | 00372nam a2200121Ia 4500 | ||
|---|---|---|---|
| 008 | 210430s9999 xx 000 0 und d | ||
| 082 | _a297 M2141F | ||
| 100 |
_aMuhammad Bashir Ud Din Mahmood _954623 |
||
| 245 | 4 |
_aThe First and The last / _cMuhammad Bashir Ud Din Mahmood |
|
| 260 |
_aIslamabad _bHoly Quran Research Foundation _c1995 |
||
| 300 | _a244 | ||
| 942 |
_cBK _2ddc |
||
| 999 |
_c565257 _d565257 |
||